| 000 | 00623nam a2200217Ia 4500 | ||
|---|---|---|---|
| 005 | 20250923145220.0 | ||
| 008 | 008 250917s9999 xx 000 0 eng d | ||
| 037 | _aTextual | ||
| 040 |
_aDSWL _beng _cDSWL |
||
| 041 |
_aeng _2eng |
||
| 084 |
_aB28obY, N61 _qDSWL |
||
| 100 |
_aMueller, J.H. _9832980 |
||
| 245 | 0 |
_aStatistical Reasoning in Sociology _cby J.H. Mueller |
|
| 260 |
_aCalcutta _bOxford & IBH Pub. Co. _c1969 |
||
| 300 | _axvi,544p. | ||
| 365 |
_aINR _b12.75 |
||
| 700 |
_aK.F. Schuessler _9832981 |
||
| 925 | _g12.75 | ||
| 942 |
_cTEXL _hB28obY, N61 |
||
| 999 |
_c1448546 _d1448546 |
||